Digesto e masse bluhmiane

Furkejuvvon:
Bibliográfalaš dieđut
Váldodahkki: Mantovani, Dario (autor)
Materiálatiipa: Girji
Giella:itáliagiella
Almmustuhtton: Milán Dott. A. Giuffre 1987
Ráidu:Universita Degli Studi di Milano, 21
Fáttát:
Fáddágilkorat: Lasit fáddágilkoriid
Eai fáddágilkorat, Lasit vuosttaš fáddágilkora!

MARC

LEADER 00000nam a2200000 a 4500
001 UCV3529
003 CL-VaPUC
008 930819e19870000IT |||||||||||||||||ita|d
082 0 4 |a 340.54  |b MAN  |2 21 
100 |a Mantovani, Dario  |e autor  |9 556538 
245 1 0 |a Digesto e masse bluhmiane 
300 |a 184 p 
942 |c BK 
945 |d 19930819 00:00:00 
260 |a Milán  |b Dott. A. Giuffre  |c 1987 
650 0 |a Derecho romano  |9 255930 
583 |a last modification  |c 19930819 00:00:00  |k Rodrigo Vera 
490 0 |a Universita Degli Studi di Milano, 21 
999 |c 210700  |d 210698 
952 |0 0  |1 0  |4 0  |6 340_540000000000000_MAN_1987  |7 0  |8 DER_ROM  |9 187129  |a BIBDER  |b BIBDER  |d 2019-11-14  |i 2548372  |o 340.54 MAN 1987  |p 2548372  |r 2023-01-25  |w 2019-11-14  |x Ubicación 4to piso  |y BK  |z Este recurso debe solicitarse con anticipación  |k DER